Jaki to przedmiot szkolny? - Statystyki

Ogólne statystyki
  • Ten quiz został rozwiązany 3 464 razy
  • Średni wynik to 18 z 20
Statystyki odpowiedzi
Opis Przedmiot szkolny % Poprawnych
48 - 32 + 4 = .... Matematyka
100%
Australia, Europa, Afryka, Ameryki, Azja, Antarktyda.... Geografia
99%
W roku 1410 odbyła się bardzo ważna bitwa, a mianowicie.... Historia
99%
Uje się nie kreskuje Język Polski
99%
Wszyscy robią 20 pajacyków! Wychowanie Fizyczne
99%
Programujemy strony internetowe Informatyka
97%
This language is very popular these days Język Angielski
97%
Ich lerne Deutsch Język Niemiecki
97%
La la laaaa.... La la laaaa.... Jak ja lubię śpieeewaaać! Muzyka
97%
Kwasy, sole, pierwiastki, estry, rekacje! Chemia
96%
E = mc2 Fizyka
96%
Dobrze dzieci.... Namalujcie słonia.... Plastyka
95%
Merci d'avoir fait ce quiz Język Francuski
93%
Jej działem jest m.in anatomia, ekologia czy sozologia Biologia
92%
Москва столица россии Język Rosyjski
92%
Kto jest obecnym prezydentem? A kto premierem? Tego dowiemy się na tej lekcji Wiedza O Społeczeństwie
89%
Apuesto a que estás en "traducto de google" Język Hiszpański
88%
Zacznijmy od wycięcia tego trójkąta Technika
74%
A na tej lekcji dowiemy się m.in jak zachowywać się w sytuacjach zagrożenia Edukacja dla bezpieczeństwa
73%
Kim chcecie zostać w przyszłości? Doradztwo Zawodowe
70%
Nie znaleziono quizów pasujących do podanych kryteriów
Rozkład punktacji
Procent ludzi z każdym wynikiem
Percentyl według liczby udzielonych odpowiedzi
Twoja historia wyników
Nie rozwiązałeś tego quizu